| 000 | 00723nam a2200241 i 4500 | ||
|---|---|---|---|
| 001 | 114869 | ||
| 003 | ES-MaACL | ||
| 005 | 20230906190253.0 | ||
| 007 | t| | ||
| 008 | 070205s1953 ag ||||1| spa d | ||
| 080 | _a616.8-07 | ||
| 100 | 1 |
_aDassen, Rodolfo. _942783 |
|
| 245 | 1 | 0 |
_aSistema nervioso / _cpor los doctores Rodolfo Dassen, Osvaldo Fustinoni. |
| 250 | _a6ª ed. | ||
| 260 |
_aBuenos Aires : _bEl Ateneo, _c1953. |
||
| 300 |
_a502 p. : _bil. ; _c23 cm. |
||
| 490 | 1 |
_aBiblioteca de semiología ; _v5 |
|
| 504 | _aBibliografía: p. 479-481. Indice. | ||
| 700 | 1 |
_aFustinoni, Osvaldo. _953097 |
|
| 830 | 0 |
_aBiblioteca de semiología ; _v5 _9185784 |
|
| 852 |
_aES-MaACL _jE-4626 |
||
| 999 |
_c114869 _d114869 |
||